Score 0/26 Timer 08:00
8 Plays Today
% Correct
Gold
93.4%
Ground
93%
Give
92.5%
Gallon
91.5%
Gift
89.5%
God
89.1%
Guilty
89.1%
Gossip
89%
Grandchildren
88.7%
Giraffe
88.6%
Gin
87.1%
Genius
85.4%
Garden
81.6%
% Correct
Golf
79.3%
Gambling
79.2%
Grief
76.1%
Guests
74.8%
Grace
73.6%
Greatness
72.5%
Garbage
71.1%
Gratitude
70.5%
Gutter
68.1%
Goals
67.6%
Grave
67.5%
Gravity
60.2%
Geography
58.2%
Remove Ads.
Support Sporcle.
Get the best of Sporcle when you Go Orange. This ad-free experience offers more features, more stats, and more fun while also helping to support Sporcle. Thank you for becoming a member.

You're not logged in!

Compare scores with friends on all Sporcle quizzes.
OR
Log In

Show Comments

Extras

Top Quizzes Today


Score Distribution

Your Account Isn't Verified!

In order to create a playlist on Sporcle, you need to verify the email address you used during registration. Go to your Sporcle Settings to finish the process.

Report this User

Report this user for behavior that violates our Community Guidelines.

Details: